000
00220 a2200097 4500
001
53023
100
_a
Kaplan W
245
_a
Advanced Maths for Engineers
260
_a
London
_b
Addison Wesley
_c
090
_c
33341
_d
33341
942
_a
NUST-CAE
_c
M
_c
25938
999
_c
288096
_d
288096